000 00995nam a2200289Ia 4500
001 Para_1189
003 CHAP
008 220125s1997 xx 000 0 und d
010 _a199915
040 _cCHAP
090 _aPA TESIS 1155
100 _aReyes González, Bernardo
_996845
245 _aEpidemiología del cancro basal del narango Citrus sinensis (L.), Osbeck y cultivo en vitro del agente causal Ustulina deusta (Hoff. ex Fries), Lind /
_c por Bernardo Reyes González
260 _aChapingo, Méx. :
_b El autor
300 _a96 h.
502 _aTesis (Ing. Agr. Esp. en Parasitología Agrícola), UACh. Depto. Parasitología
650 _aFitopatología
_941161
650 _aNaranja
_x enfermedades
_980155
710 _aUACh. Departamento Parasitología Agrícola
_9164025
901 _aPA TESIS 1155
902 _aA
905 _a0000001997 a 0000000000 00
910 _a1997
942 _cPARA
942 _cPARA
_d1
999 _c199915
_d199915